000 00326cam a2200145ua 4500
001 4798
008 120328n II |||gr||||Z||||||asm
040 _aMAIN
041 _aEnglish
082 _a920 DAS
100 _aDAS , AMIYA KUMAR.
245 _aGANDHIRJIR JIBONI
653 _aBiography, genealogy & insignia
942 _cBK
999 _c4785
_d4785